000 00352 a2200157 4500
001 153059
040 _cEscola São Tomás de Aquino
100 _aSTEVENSON, Robert Louis
240 1 0 _aA ilha do tedouro
_lpor
245 1 0 _aA ilha do tedouro
300 _a56
362 0 _a2002
440 1 _aÁtica
697 _a*LITERATURA JUVENIL
942 _cBK
999 _c153059
_d153059